USB system architecture (E-BOok) (Record no. 192155)
[ view plain ]
| 000 -LEADER | |
|---|---|
| fixed length control field | 01077 a2200277 4500 |
| 003 - CONTROL NUMBER IDENTIFIER | |
| control field | Nust |
| 005 - DATE AND TIME OF LATEST TRANSACTION | |
| control field | 20170207154031.0 |
| 020 ## - INTERNATIONAL STANDARD BOOK NUMBER | |
| International Standard Book Number | 0-201-46137-4 |
| 040 ## - CATALOGING SOURCE | |
| Transcribing agency | Nust |
| 082 ## - DEWEY DECIMAL CLASSIFICATION NUMBER | |
| Classification number | 004.6 |
| Author Mark | 4 |
| 082 ## - DEWEY DECIMAL CLASSIFICATION NUMBER | |
| Classification number | 621.398 1 |
| 082 ## - DEWEY DECIMAL CLASSIFICATION NUMBER | |
| Classification number | 621.398 1 |
| 100 1# - MAIN ENTRY--PERSONAL NAME | |
| Personal name | Anderson, Don, |
| 245 00 - TITLE STATEMENT | |
| Title | USB system architecture (E-BOok) |
| Statement of responsibility, etc. | Don Anderson |
| 246 0# - VARYING FORM OF TITLE | |
| Title proper/short title | Universal serial bus system architecture. |
| 260 ## - PUBLICATION, DISTRIBUTION, ETC. | |
| Place of publication, distribution, etc. | Reading, Mass. : |
| Name of publisher, distributor, etc. | Addison-Wesley Developers, |
| Date of publication, distribution, etc. | cop. 1997 |
| 300 ## - PHYSICAL DESCRIPTION | |
| Extent | xxiv, 321 s. : |
| Other physical details | ill. |
| 490 0# - SERIES STATEMENT | |
| Series statement | PC system architecture series |
| 505 ## - FORMATTED CONTENTS NOTE | |
| Formatted contents note | Part One Overview of USB 2.0(Page-11) Part Two Low- & Full-Speed Device Operation(Page-91) Part Three High Speed Device Operation(Page-211) Part Four USB 2.0 Hub Operation withLS/FS/HS Devices(Page-275) Part Five USB Device Configuration(Page-337) Part Six USB Software Overview(Page-419) |
| 650 #0 - SUBJECT ADDED ENTRY--TOPICAL TERM | |
| Topical term or geographic name entry element | Computer architecture |
| 650 #0 - SUBJECT ADDED ENTRY--TOPICAL TERM | |
| Topical term or geographic name entry element | Data buses (Data communication) |
| 650 #0 - SUBJECT ADDED ENTRY--TOPICAL TERM | |
| Topical term or geographic name entry element | Databussar (Datakommunikation) |
| 650 #0 - SUBJECT ADDED ENTRY--TOPICAL TERM | |
| Topical term or geographic name entry element | Databussar (Datakommunikation) |
| 650 #0 - SUBJECT ADDED ENTRY--TOPICAL TERM | |
| Topical term or geographic name entry element | USB (Computer bus) |
| 651 ## - SUBJECT ADDED ENTRY--GEOGRAPHIC NAME | |
| Geographic name | (E-Book) |
| 942 ## - ADDED ENTRY ELEMENTS (KOHA) | |
| Source of classification or shelving scheme | |
| Koha item type | Book |
| Withdrawn status | Lost status | Source of classification or shelving scheme | Damaged status | Not for loan | Collection code | Permanent Location | Current Location | Date acquired | Total Checkouts | Full call number | Barcode | Date last seen | Price effective from | Koha item type |
|---|---|---|---|---|---|---|---|---|---|---|---|---|---|---|
| Military College of Signals (MCS) | Military College of Signals (MCS) | 12/12/2016 | 621.398 1 | MCSEB-1387 | 12/08/2016 | 12/12/2016 | Book |
